El lenguaje del grupo Hampesco costarricense

Guardat en:
Dades bibliogràfiques
Autor principal: Rodríguez Bolaños, Edgar
Format: Llibre
Idioma:Undetermined
Publicat: San José, Costa Rica Escuela de Filología, Literatura y Lingüística,Universidad de Costa Rica 1977
Matèries:
Etiquetes: Afegir etiqueta
Sense etiquetes, Sigues el primer a etiquetar aquest registre!

MARC

LEADER 00000nam a2200000Ia 4500
008 170316s9999 xx 000 0 und d
040 |a cru BVZT 
090 |a TESIS 108 
100 |a Rodríguez Bolaños, Edgar 
245 |a El lenguaje del grupo Hampesco costarricense 
260 |a San José, Costa Rica 
260 |b Escuela de Filología, Literatura y Lingüística,Universidad de Costa Rica 
260 |c 1977 
300 |a 254 páginas 
650 |a LICENCIATURA EN FILOLOGÍA ESPAÑOLA 
650 |a TRABAJO FINAL DE GRADUACIÓN 
999 |c 13709  |d 13709 
942 |c TFG  |h TESIS 108  |2 z